Name the Flags - Asia Countries - Statistics

General Stats
  • This quiz has been taken 61 times
    42 since last reset
  • The average score is 38 of 48
Answer Stats
Picture Answer % Correct
Cyprus
100%
India
100%
Bhutan
94%
China
94%
Sri Lanka
94%
Israel
89%
Japan
89%
North Korea
89%
Pakistan
89%
South Korea
89%
Turkey
89%
Vietnam
89%
Bangladesh
83%
Indonesia
83%
Iran
83%
Iraq
83%
Kazakhstan
83%
Lebanon
83%
Nepal
83%
Saudi Arabia
83%
Singapore
83%
Thailand
83%
Georgia
78%
Malaysia
78%
Myanmar
78%
Philippines
78%
Qatar
78%
Bahrain
72%
Brunei
72%
Cambodia
72%
East Timor
72%
Jordan
72%
Laos
72%
Mongolia
72%
Syria
72%
Taiwan
72%
Turkmenistan
72%
Uzbekistan
72%
Yemen
72%
Afghanistan
67%
Armenia
67%
Kuwait
67%
Kyrgyzstan
67%
Maldives
67%
Oman
67%
United Arab Emirates
67%
Azerbaijan
61%
Tajikistan
61%
No matching quizzes found
Score Distribution
Percent of People with Each Score
Percentile by Number Answered
Your Score History
You have not taken this quiz since the last reset